|
|
|
|
| LEADER |
01095nam a2200361 4500 |
| 001 |
DLU090091796 |
| 005 |
##20091201 |
| 040 |
# |
# |
|a DLU
|b eng
|
| 041 |
# |
# |
|a eng
|
| 044 |
# |
# |
|a us
|
| 245 |
# |
# |
|a Structural and functional dynamics of sulfate-reducing populations in bacterial biofilms /
|c Cecilia M. Santegoeds ... [et al.].
|
| 653 |
# |
# |
|a Aerobe
|
| 653 |
# |
# |
|a Biofilms
|
| 653 |
# |
# |
|a Gel electrophoresis
|
| 653 |
# |
# |
|a Microbial community
|
| 653 |
# |
# |
|a Microsensor
|
| 653 |
# |
# |
|a Ribosomal DNA
|
| 653 |
# |
# |
|a Sewage treatment plant
|
| 653 |
# |
# |
|a Sulfatoreduction
|
| 700 |
# |
# |
|a De Beer, Dirk.
|
| 700 |
# |
# |
|a Ferdelman, Timothy G.
|
| 700 |
# |
# |
|a Muyzer, Gerard.
|
| 700 |
# |
# |
|a Santegoeds, Cecilia M.
|
| 773 |
# |
# |
|t Applied and Environmental Microbiology
|g Vol. 64, no. 10 (October 1998), p. 3731-3739
|
| 920 |
# |
# |
|a Phòng Tạp chí -- Trung tâm Thông tin - Thư viện Trường Đại học Đà Lạt
|
| 994 |
# |
# |
|a DLU
|
| 900 |
# |
# |
|a True
|
| 911 |
# |
# |
|a Trương Bảo Trâm Anh
|
| 925 |
# |
# |
|a G
|
| 926 |
# |
# |
|a A
|
| 927 |
# |
# |
|a BB
|
| 980 |
# |
# |
|a Thư viện Trường Đại học Đà Lạt
|